000 00582nam a2200205Ia 4500
003 GCL
008 140319s9999 xx 000 0 ara d
040 _aGCL /
_cGCL
082 0 4 _a415.1
_bص ن
100 1 _aصابر بكر ابوالسعود
245 1 0 _aالنحو العربى /
_cصابر بكر ابوالسعود
260 _a[S.N] :
_bدار الثقافة للنشر والتوزيع
300 _a187 ص
490 _a
650 0 4 _aالنحو
650 0 4 _aاللغة العربية
650 0 4 _aالافعال
650 0 4 _aالمفعول
942 _2ddc
_cBK
999 _c31678
_d31678